Slovenskí hotelieri tvrdia, že nemajú financie na splnenie požiadaviek novej vyhlášky o kategorizácii hotelov

Vyhláška č. 125/1995 Z.z. MH SR o kategorizácii ubytovacích a stravovacích zariadení je podľa slovenských hotelierov striktne prikazujúca a nezohľadňujúca ich možnosti a potreby. Podnikatelia žiadajú zníženie DPH v stravovacích službách. Situácia v ubytovacích a stravovacích službách v B. Bystrici,...

Descrizione completa

Salvato in:
Dettagli Bibliografici
Natura: Capitolo di libro
Lingua:slovacco
Soggetti:
Tags: Aggiungi Tag
Nessun Tag, puoi essere il primo ad aggiungerne!!

MARC

LEADER 00000naa a2200000 4500
001 r020571
005 20230921074228.2
041 0 |a slo 
044 |a SK 
245 1 0 |a Slovenskí hotelieri tvrdia, že nemajú financie na splnenie požiadaviek novej vyhlášky o kategorizácii hotelov 
520 |a Vyhláška č. 125/1995 Z.z. MH SR o kategorizácii ubytovacích a stravovacích zariadení je podľa slovenských hotelierov striktne prikazujúca a nezohľadňujúca ich možnosti a potreby. Podnikatelia žiadajú zníženie DPH v stravovacích službách. Situácia v ubytovacích a stravovacích službách v B. Bystrici, Bratislave a Košiciach - charakteristika niektorých hotelov. 
610 2 0 |a Slovensko 
610 2 0 |a služby 
610 2 0 |a zariadenia stravovacie 
610 2 0 |a zariadenia ubytovacie 
610 2 0 |a hotely 
610 2 0 |a vyhlášky 
610 2 0 |a 1995 
610 2 0 |a podnikanie 
610 2 0 |a Bratislava 
610 2 0 |a Košice 
610 2 0 |a Banská Bystrica 
610 2 0 |a Zväz hotelov a reštaurácií Slovenska